ბათუმის შოთა რუსთაველის სახელმწიფო უნივერსიტეტის ბიბლიოთეკა

Электроснабжение и электрооборудование магистральных газопроводов. (ბიბ.ჩანაწერი № 38394)

000 -LEADER
fixed length control field 00742nam a2200217Ia 4500
001 - CONTROL NUMBER
control field 4404
003 - CONTROL NUMBER IDENTIFIER
control field GE_BSU
008 - FIXED-LENGTH DATA ELEMENTS--GENERAL INFORMATION
fixed length control field 181216s||||||||xx |||||||||||||| ||und||
040 ## - CATALOGING SOURCE
Transcribing agency GE_BSU
080 ## - UNIVERSAL DECIMAL CLASSIFICATION NUMBER
Universal Decimal Classification number 621.643+621.312
100 ## - MAIN ENTRY--PERSONAL NAME
Personal name Рабинович,З.Я.
245 ## - TITLE STATEMENT
Title Электроснабжение и электрооборудование магистральных газопроводов.
245 ## - TITLE STATEMENT
Statement of responsibility, etc. Ред. А.В. Куликова.
260 ## - PUBLICATION, DISTRIBUTION, ETC.
Place of publication, distribution, etc. М.
260 ## - PUBLICATION, DISTRIBUTION, ETC.
Name of publisher, distributor, etc. Недра.
260 ## - PUBLICATION, DISTRIBUTION, ETC.
Date of publication, distribution, etc. 1976.
300 ## - PHYSICAL DESCRIPTION
Extent 256 стр. 20 см.
300 ## - PHYSICAL DESCRIPTION
Accompanying material 46 табл. ил.94.
653 ## - INDEX TERM--UNCONTROLLED
Uncontrolled term Электроснабжение и электрооборудование магистральных газопроводов.
942 ## - ADDED ENTRY ELEMENTS (KOHA)
Koha item type წიგნი
ეგზემპლარები
Withdrawn status Lost status Damaged status Not for loan Date acquired Barcode Date last seen Price effective from Koha item type Public note
        2018-12-17 9369 2018-12-17 2018-12-17 წიგნი საცავი